000 00536nam a2200205Ia 4500
005 20250923150216.0
008 008 250917s9999 xx 000 0 eng d
037 _aTextual
040 _aDSWL
_beng
_cDSWL
041 _aeng
_2eng
084 _qDSWL
100 _aMassey, J
_9843410
245 0 _aMinorities & Religious Freedom in Democracy
_cby J Massey
260 _aNew Delhi
_b Manohar Pub
_c2003
300 _a246 p.
365 _aINR
_b500 .0
925 _g500 .0
942 _cTEXL
999 _c1460811
_d1460811